000
00276nam a22001337a 4500
008
170822b xxu||||| |||| 00| 0 eng d
020
_a
9781592578641
041
_a
eng
080
_a
51
100
_a
38
101
_a
mat
245
_a
GEOMETRY PROBLEMS
942
_2
udc
_c
BK
999
_c
24513
_d
24513